000
00332 a2200157 4500
001
192164
020
_a
978-85-260-2169-3
040
_c
Magnum
100
_a
Bandeira, Manuel
240
1
0
_a
Mafuá do malungo
_l
por
245
1
0
_a
Mafuá do malungo
300
_a
260
362
0
_a
2015
697
_a
LITERATURA GERAL
942
_c
BK
999
_c
192164
_d
192164